00000000nam 2200000zi 4500
0019.949622
003CaOODSP
00520251031142449
006m     o  d f      
007cr cn|||||||||
008250328t20252025oncab   ob   f000 0 eng d
020 |a9780660767277
040 |aCaOODSP|beng|erda|cCaOODSP
043 |an-cn---
0861 |aM183-2/9235E-PDF
1001 |aBrassard, É, |eauthor.
24512|aA preliminary inventory of gossans identified in the Canadian Arctic / |cÉ. Brassard, M. Lemelin, and M.-C. Williamson.
264 1|aOttawa, Ontario : |bGeological Survey of Canada, |c2025.
264 4|c©2025
300 |a1 online resource (9 pages) : |billustrations, maps + |e1 appendix (7 pages).
336 |atext|btxt|2rdacontent
337 |acomputer|bc|2rdamedia
338 |aonline resource|bcr|2rdacarrier
4901 |aOpen file, |x2816-7155 ; |v9235
504 |aIncludes bibliographical references.
520 |a"In this report, we present the first inventory of gossans identified in northern Canada, based on 68 sources of information. The goals of the inventory are to (1) provide a list of geographic coordinates for gossans in areas where their occurrence was reported, (2) emphasize the importance of including gossans on geological maps and in field reports, and (3) provide the fundamental information needed to develop new research and mineral exploration projects"--Introduction, page 1.
650 0|aMines and mineral resources|xCanada, Northern.
650 0|aMining literature|zCanada, Northern.
650 6|aRessources minérales|zCanada (Nord)
650 6|aMines|xIndustrie|xDocumentation|zCanada (Nord)
7102 |aGeological Survey of Canada, |eissuing body.
830#0|aOpen file (Geological Survey of Canada)|x2816-7155 ; |v9235.|w(CaOODSP)9.506878
85640|qPDF|s23.0 MB|uhttps://publications.gc.ca/collections/collection_2025/rncan-nrcan/m183-2/M183-2-9235-eng.pdf|zReport
85640|qPDF|s211 KB|uhttps://publications.gc.ca/collections/collection_2025/rncan-nrcan/m183-2/M183-2-9235A-eng.pdf|zAppendix A
85640|qHTML|sN/A|uhttps://doi.org/10.4095/ptdd7ztk2y|zGEOSCAN DOI